| 000 | 00779nam a2200229 a 4500 | ||
|---|---|---|---|
| 005 | 20210223130539.0 | ||
| 008 | 080722s1980 mx r 000 0 spa d | ||
| 035 | _aUPN01000157860 | ||
| 049 | _aUNE | ||
| 080 | _a372.363 (100) CRE No.21. | ||
| 100 | 1 | _aCrellin, Cecil T. | |
| 245 | 1 | 0 |
_aJuguetes y otros materiales de aprendizaje para la infancia : _balgunas sugerencias / _cCecil T. Crellin. |
| 260 |
_aParĂs _bUNESCO ; _aNueva York : _bUNICEF ; _c1980. |
||
| 300 | _a5 p. | ||
| 440 | 0 |
_aNotes, comments... ; _v21 |
|
| 690 | _aEducacion preescolar - Juguetes educativos | ||
| 690 | _aJuguetes educativos - Educacion preescolar | ||
| 690 | _aProcesos de aprendizaje - Juguetes - Educacion preescolar | ||
| 710 | 2 | _aUNESCO | |
| 710 | 2 |
_aUNICEF _924085 |
|
| 905 | _aUNESCO | ||
| 999 |
_c129974 _d129974 |
||